| 000 | 01071nam a2200253Ia 4500 | ||
|---|---|---|---|
| 003 | OSt | ||
| 005 | 20220930094924.0 | ||
| 006 | a|||||r|||| 00| 0 | ||
| 007 | ta | ||
| 008 | 220926b |||||||| |||| 00| 0 hin d | ||
| 024 | _a35603 | ||
| 037 | _cTheses | ||
| 040 |
_aCRL _cCRL _bhin |
||
| 041 |
_2hin _ahin |
||
| 100 | _aसिंह, बीरेन्द्र, गा. | ||
| 110 |
_aदिल्ली विश्वविद्यायल. कला संकाय. हिन्दी _9556764 |
||
| 245 | 0 | _aकाशीनाथ सिंह के कथा-साहित्य का समाज भाषावैज्ञानिक अध्ययन। | |
| 246 | _aKāshīnāth sianha ke kathā-sāhitya kā samāj bhāṣhāvaijnyānik adhyayana। | ||
| 260 | _c2016 | ||
| 300 |
_a323पृ. _ap. _ccm. |
||
| 700 |
_aदिल्ली विश्वविद्यायल. कला संकाय. हिन्दी _9556765 |
||
| 942 |
_cDIS _2CC |
||
| 999 |
_c887963 _d887963 |
||